000 00506nam a22001817a 4500
003 OSt
005 20160114172848.0
008 160114b xxu||||| |||| 00| 0 eng d
020 _a9780618406364
040 _cLIC
082 _2[2010]
_aDK12 577
_bUn58
245 _aUnit resource book:
_becology/
260 _aEvanston, Illinois:
_bMcDougal Littell,
_c[c2010]
300 _aviii, 219 pages:
_billustrations;
_c28 cm.
440 _91717
_aMcDougal Littell Science
650 0 _91718
_aEcology
942 _2ddc
_cBK
999 _c646
_d646